Riconosci la città dagli indizi - Statistics

Statistiche generali
  • Questo quiz è stato fatto 148 volte
  • Il punteggio medio è 13 su 15
Statistiche sulle risposte
INDIZI CITTA' % Corretto
The Shard, Big Ben, British Museum Londra
100%
Moma, Statua della libertà, Palazzo di Vetro New York
100%
Eiffel, Louvre, Baguette Parigi
98%
Sagrada Familia, Camp Nou, Rambla Barcellona
97%
Duomo, Brera, Moda Milano
97%
Pireo, Acropoli, Socrate Atene
95%
Atomium, Grand Place, Parlamento europeo Bruxelles
95%
Mole, Piazza Castello, Palazzo Carignano Torino
92%
Brandeburgo, Muro, Prussia Berlino
90%
Golden Gate Bridge, Muir Woods, Alcatraz San Francisco
86%
Zar, Ermitage, Palazzo d'Inverno San Pietroburgo
83%
Sirenetta, Christiania, Hygge Copenaghen
80%
Kaaba, Islam, Pellegrinaggio La Mecca
80%
Città Proibita, piazza Tienanmen, Mercato della Seta Pechino
75%
Moschea Blu, Palazzo Topkapi, Bosforo Istanbul
72%
Nessun quiz corrispondente trovato
Distribuzione punteggi
Percentuale di utenti per punteggio
Percentile per numero di risposta
I tuoi punteggi nel tempo
Non hai fatto questo quiz